Statistics for All Water-type Pokemon

Click here to take the quiz!

General Stats

  • This quiz has been taken 31 times
    (25 since last reset)
  • The average score is 122 of 144

Answer Stats

HintAnswer% Correct
9Blastoise
100%
395Empoleon
100%
393Piplup
100%
394Prinplup
100%
7Squirtle
100%
184Azumarill
93%
418Buizel
93%
170Chinchou
93%
91Cloyster
93%
159Croconaw
93%
87Dewgong
93%
160Feraligatr
93%
419Floatzel
93%
55Golduck
93%
130Gyarados
93%
140Kabuto
93%
230Kingdra
93%
171Lanturn
93%
131Lapras
93%
370Luvdisc
93%
129Magikarp
93%
226Mantine
93%
183Marill
93%
258Mudkip
93%
138Omanyte
93%
501Oshawott
93%
186Politoed
93%
60Poliwag
93%
61Poliwhirl
93%
62Poliwrath
93%
54Psyduck
93%
195Quagsire
93%
86Seel
93%
90Shellder
93%
80Slowbro
93%
199Slowking
93%
79Slowpoke
93%
363Spheal
93%
121Starmie
93%
120Staryu
93%
245Suicune
93%
72Tentacool
93%
73Tentacruel
93%
158Totodile
93%
134Vaporeon
93%
365Walrein
93%
8Wartortle
93%
194Wooper
93%
400Bibarel
86%
318Carvanha
86%
351Castform
86%
341Corphish
86%
222Corsola
86%
342Crawdaunt
86%
502Dewott
86%
456Finneon
86%
656Froakie
86%
657Frogadier
86%
423Gastrodon
86%
118Goldeen
86%
658Greninja
86%
116Horsea
86%
367Huntail
86%
141Kabutops
86%
99Kingler
86%
98Krabby
86%
382Kyogre
86%
271Lombre
86%
270Lotad
86%
272Ludicolo
86%
457Lumineon
86%
490Manaphy
86%
458Mantyke
86%
259Marshtomp
86%
350Milotic
86%
139Omastar
86%
484Palkia
86%
536Palpitoad
86%
279Pelipper
86%
489Phione
86%
728Popplio
86%
730Primarina
86%
211Qwilfish
86%
369Relicanth
86%
223Remoraid
86%
479Rotom
86%
503Samurott
86%
117Seadra
86%
119Seaking
86%
364Sealeo
86%
537Seismitoad
86%
319Sharpedo
86%
422Shellos
86%
283Surskit
86%
260Swampert
86%
535Tympole
86%
320Wailmer
86%
321Wailord
86%
340Whiscash
86%
278Wingull
86%
752Araquanid
79%
689Barbaracle
79%
339Barboach
79%
688Binacle
79%
729Brionne
79%
366Clamperl
79%
751Dewpider
79%
349Feebas
79%
592Frillish
79%
768Golisopod
79%
368Gorebyss
79%
818Inteleon
79%
593Jellicent
79%
647Keldeo
79%
224Octillery
79%
515Panpour
79%
516Simipour
79%
816Sobble
79%
564Tirtouga
79%
721Volcanion
79%
594Alomomola
71%
779Bruxish
71%
565Carracosta
71%
833Chewtle
71%
692Clauncher
71%
693Clawitzer
71%
845Cramorant
71%
834Drednaw
71%
580Ducklett
71%
747Mareanie
71%
690Skrelp
71%
581Swanna
71%
788Tapu Fini
71%
748Toxapex
71%
892Urshifu
71%
767Wimpod
71%
746Wishiwashi
71%
846Arrokuda
64%
550Basculin
64%
817Drizzile
64%
883Arctovish
57%
847Barraskewda
57%
882Dracovish
57%
771Pyukumuku
57%

Score Distribution

Percentile by Number Answered

Percent of People with Each Score

Your Score History

You have not taken this quiz since the last reset